000 00619nam a2200217Ia 4500
003 OSt
005 20220918210549.0
006 a|||||r|||| 00| 0
007 ta
008 220917b |||||||| |||| 00| 0 eng d
024 _a121,006
037 _cTextual
040 _aARTS
_cARTS
_beng
041 _2eng
_aeng
082 _aV73:2.N71, L4 (RR)
245 0 _aConstitution of the United States
_b as amended through July 1971
260 _aWashington
_bUnited States Government Printing Office
_c1974
650 _aHISTORY
942 _hV73:2.N71, L4 (RR)
_cTEXL
_2CC
999 _c244235
_d244235